书目信息 |
| 题名: |
《中级德语(第二版)》学习辅导书
|
|
| 作者: | 王志强 , 戴启秀 编著 | |
| 分册: | ||
| 出版信息: | 上海 同济大学出版社 2007.01 |
|
| 页数: | 89页 | |
| 开本: | 26cm | |
| 丛书名: | ||
| 单 册: | ||
| 中图分类: | H33 | |
| 科图分类: | ||
| 主题词: | 德语--de yu--成人教育--高等教育--教学参考资料 | |
| 电子资源: | ||
| ISBN: | 978-7-5608-3476-4 | |
| 000 | 00871nam0 2200241 450 | |
| 001 | 012009507182 | |
| 005 | 20090918135647.60 | |
| 010 | @a978-7-5608-3476-4@dCNY12.00 | |
| 100 | @a20090918d2007 em y0chiy0120 ea | |
| 101 | 0 | @achi@ager |
| 102 | @aCN@b310000 | |
| 105 | @ay z 000yy | |
| 106 | @ar | |
| 200 | 1 | @a《中级德语(第二版)》学习辅导书@A《zhong ji de yu(di er ban)》xue xi fu dao shu@f王志强, 戴启秀编著@Fwang zhi qiang,dai qi xiu bian zhu |
| 210 | @a上海@c同济大学出版社@d2007.01 | |
| 215 | @a89页@d26cm | |
| 330 | @a本书是与《中级德语(第二版)》配套使用的学习辅导书,向读者提供教材中的练习答案、课文与阅读课文的参考译文。 | |
| 606 | 0 | @a德语@Ade yu@x成人教育@x高等教育@j教学参考资料 |
| 690 | @aH33@v4 | |
| 701 | 0 | @a王志强@Awang zhi qiang@4编著 |
| 701 | 0 | @a戴启秀@Adai qi xiu@4编著 |
| 801 | 0 | @aCN@bQSSK@c20090918 |
| 905 | @b755323-27@dH33@eW465@f5 | |
| 《中级德语(第二版)》学习辅导书/王志强, 戴启秀编著.-上海:同济大学出版社,2007.01 |
| 89页;26cm |
| ISBN 978-7-5608-3476-4:CNY12.00 |
| 本书是与《中级德语(第二版)》配套使用的学习辅导书,向读者提供教材中的练习答案、课文与阅读课文的参考译文。 |
| ● |
| 相关链接 |
|
|
|
正题名:《中级德语(第二版)》学习辅导书
索取号:H33/W465
 
预约/预借
| 序号 | 登录号 | 条形码 | 馆藏地/架位号 | 状态 | 备注 |
| 1 | 755323 | 207553235 | 语言库209/209语言库 118排1列4层/ [索取号:H33/W465] | 在馆 | |
| 2 | 755324 | 207553244 | 语言库209/209语言库 118排1列4层/ [索取号:H33/W465] | 在馆 | |
| 3 | 755325 | 207553253 | 语言库209/209语言库 118排1列4层/ [索取号:H33/W465] | 在馆 | |
| 4 | 755326 | 207553262 | 语言库209/209语言库 118排1列4层/ [索取号:H33/W465] | 在馆 | |
| 5 | 755327 | 207553271 | 语言库209/209语言库 118排1列4层/ [索取号:H33/W465] | 在馆 |